000 00809cam a22001934a 4500
005 20250605163519.0
008 250528s ||||||||||||||||||||||||d
035 _a20850
020 _a9789606829420
040 _aGR-AtMCL
_bgre
_dGR-AtMCL
_eAACR2
245 1 _aΜάγισσα Ραδίκλεια / Ένας μπούφος στο φλιτζάνι
260 _bPolaris,
_c2013
300 _a39
520 _aΜοιράζεται τις ιδέες της για ξόρκια με το γάτο της. Μόνο που αυτός δε μοιράζεται τίποτα μαζί της. - μόνο νιαουρίζει και γλείφεται, πράγμα που την κάνει έξω φρενών!!!
700 1 _aΚαλαϊτζή Χριστίνα
942 _cBK
999 _c5932
_d5932